Mario Kart Tracks - Statistics

General Stats
  • This quiz has been taken 27 times
  • The average score is 176 of 284
Answer Stats
Game Cup Orig. Track % Correct
Super Mario Kart Special Cup SNES Rainbow Road
100%
Mario Kart 64 Special Cup N64 Rainbow Road
100%
Mario Kart: Super Circuit Special Cup GBA Rainbow Road
100%
Mario Kart: Super Circuit Extra Special Cup SNES Rainbow Road
100%
Mario Kart: Double Dash!! Special Cup GCN Rainbow Road
100%
Mario Kart DS Special Cup DS Rainbow Road
100%
Mario Kart Wii Special Cup Wii Rainbow Road
100%
Mario Kart 7 Special Cup 3DS Rainbow Road
100%
Mario Kart 7 Lightning Cup SNES Rainbow Road
100%
Mario Kart 8 / Mario Kart 8 Deluxe Special Cup Wii U Rainbow Road
100%
Mario Kart 8 / Mario Kart 8 Deluxe Lightning Cup N64 Rainbow Road
100%
Mario Kart 8 DLC / Mario Kart 8 Deluxe Triforce Cup SNES Rainbow Road
100%
Mario Kart 8 Deluxe Booster Course Pass Moon Cup 3DS Rainbow Road
100%
Mario Kart 8 Deluxe Booster Course Pass Spiny Cup Wii Rainbow Road
100%
Mario Kart DS Special Cup DS Bowser Castle
93%
Super Mario Kart Mushroom Cup SNES Bowser Castle 1
93%
Mario Kart: Super Circuit Mushroom Cup GBA Bowser Castle 1
93%
Mario Kart: Super Circuit Extra Mushroom Cup SNES Bowser Castle 1
93%
Mario Kart 7 Shell Cup GBA Bowser Castle 1
93%
Super Mario Kart Flower Cup SNES Bowser Castle 2
93%
Mario Kart: Super Circuit Flower Cup GBA Bowser Castle 2
93%
Mario Kart: Super Circuit Extra Lightning Cup SNES Bowser Castle 2
93%
Mario Kart DS Banana Cup GBA Bowser Castle 2
93%
Super Mario Kart Star Cup SNES Bowser Castle 3
93%
Mario Kart: Super Circuit Star Cup GBA Bowser Castle 3
93%
Mario Kart: Super Circuit Extra Star Cup SNES Bowser Castle 3
93%
Mario Kart Wii Leaf Cup GBA Bowser Castle 3
93%
Mario Kart 8 Deluxe Booster Course Pass Spiny Cup SNES Bowser Castle 3
93%
Mario Kart: Super Circuit Special Cup GBA Bowser Castle 4
93%
Mario Kart 64 Star Cup N64 Bowser's Castle
93%
Mario Kart: Double Dash!! Special Cup GCN Bowser's Castle
93%
Mario Kart Wii Special Cup Wii Bowser's Castle
93%
Mario Kart Wii Lightning Cup N64 Bowser's Castle
93%
Mario Kart 7 Special Cup 3DS Bowser's Castle
93%
Mario Kart 8 / Mario Kart 8 Deluxe Special Cup Wii U Bowser's Castle
93%
Mario Kart Wii Flower Cup Wii Coconut Mall
80%
Mario Kart 7 Banana Cup Wii Coconut Mall
80%
Mario Kart 8 Deluxe Booster Course Pass Golden Dash Cup Wii Coconut Mall
80%
Mario Kart: Super Circuit Flower Cup GBA Mario Circuit
80%
Mario Kart: Double Dash!! Flower Cup GCN Mario Circuit
80%
Mario Kart DS Star Cup DS Mario Circuit
80%
Mario Kart Wii Flower Cup Wii Mario Circuit
80%
Mario Kart Wii Leaf Cup GCN Mario Circuit
80%
Mario Kart 7 Flower Cup 3DS Mario Circuit
80%
Mario Kart 8 / Mario Kart 8 Deluxe Flower Cup Wii U Mario Circuit
80%
Mario Kart 8 / Mario Kart 8 Deluxe Shell Cup GBA Mario Circuit
80%
Mario Kart 8 Deluxe Booster Course Pass Boomerang Cup DS Mario Circuit
80%
Super Mario Kart Mushroom Cup SNES Mario Circuit 1
80%
Mario Kart: Super Circuit Extra Mushroom Cup SNES Mario Circuit 1
80%
Mario Kart DS Shell Cup SNES Mario Circuit 1
80%
Super Mario Kart Mushroom Cup SNES Mario Circuit 2
80%
Mario Kart: Super Circuit Extra Flower Cup SNES Mario Circuit 2
80%
Mario Kart 7 Banana Cup SNES Mario Circuit 2
80%
Super Mario Kart Flower Cup SNES Mario Circuit 3
80%
Mario Kart: Super Circuit Extra Lightning Cup SNES Mario Circuit 3
80%
Mario Kart Wii Lightning Cup SNES Mario Circuit 3
80%
Mario Kart 8 Deluxe Booster Course Pass Turnip Cup SNES Mario Circuit 3
80%
Super Mario Kart Star Cup SNES Mario Circuit 4
80%
Mario Kart: Super Circuit Extra Star Cup SNES Mario Circuit 4
80%
Mario Kart DS Mushroom Cup DS Cheep Cheep Beach
73%
Mario Kart 8 / Mario Kart 8 Deluxe Shell Cup DS Cheep Cheep Beach
73%
Mario Kart: Double Dash!! Star Cup GCN DK Mountain
73%
Mario Kart Wii Lightning Cup GCN DK Mountain
73%
Mario Kart 8 Deluxe Booster Course Pass Acorn Cup GCN DK Mountain
73%
Mario Kart Wii Mushroom Cup Wii Moo Moo Meadows
73%
Mario Kart 8 / Mario Kart 8 Deluxe Shell Cup Wii Moo Moo Meadows
73%
Mario Kart 64 Star Cup N64 Wario Stadium
73%
Mario Kart DS Special Cup DS Wario Stadium
73%
Mario Kart 8 / Mario Kart 8 Deluxe Leaf Cup DS Wario Stadium
73%
Mario Kart 8 DLC / Mario Kart 8 Deluxe Crossing Cup Wii U Animal Crossing
67%
Mario Kart 8 DLC / Mario Kart 8 Deluxe Bell Cup Wii U Big Blue
67%
Mario Kart: Super Circuit Flower Cup GBA Cheese Land
67%
Mario Kart 8 DLC / Mario Kart 8 Deluxe Crossing Cup GBA Cheese Land
67%
Super Mario Kart Mushroom Cup SNES Donut Plains 1
67%
Mario Kart: Super Circuit Extra Mushroom Cup SNES Donut Plains 1
67%
Mario Kart DS Banana Cup SNES Donut Plains 1
67%
Super Mario Kart Flower Cup SNES Donut Plains 2
67%
Mario Kart: Super Circuit Extra Flower Cup SNES Donut Plains 2
67%
Super Mario Kart Special Cup SNES Donut Plains 3
67%
Mario Kart: Super Circuit Extra Star Cup SNES Donut Plains 3
67%
Mario Kart 8 / Mario Kart 8 Deluxe Banana Cup SNES Donut Plains 3
67%
Mario Kart 8 Deluxe Booster Course Pass Golden Dash Cup Tour Paris Promenade
67%
Mario Kart 8 / Mario Kart 8 Deluxe Flower Cup Wii U Shy Guy Falls
67%
Mario Kart 8 / Mario Kart 8 Deluxe Mushroom Cup Wii U Thwomp Ruins
67%
Mario Kart: Double Dash!! Flower Cup GCN Waluigi Stadium
67%
Mario Kart Wii Banana Cup GCN Waluigi Stadium
67%
Mario Kart 8 Deluxe Booster Course Pass Boomerang Cup GCN Waluigi Stadium
67%
Mario Kart 8 Deluxe Booster Course Pass Feather Cup Tour Athens Dash
60%
Mario Kart: Double Dash!! Mushroom Cup GCN Baby Park
60%
Mario Kart DS Banana Cup GCN Baby Park
60%
Mario Kart 8 DLC / Mario Kart 8 Deluxe Crossing Cup GCN Baby Park
60%
Mario Kart: Super Circuit Flower Cup GBA Boo Lake
60%
Mario Kart 8 Deluxe Booster Course Pass Rock Cup GBA Boo Lake
60%
Mario Kart 64 Flower Cup N64 Choco Mountain
60%
Mario Kart DS Leaf Cup N64 Choco Mountain
60%
Mario Kart 8 Deluxe Booster Course Pass Golden Dash Cup N64 Choco Mountain
60%
Mario Kart Wii Star Cup Wii Daisy Circuit
60%
Mario Kart 8 Deluxe Booster Course Pass Acorn Cup Wii Daisy Circuit
60%
Mario Kart 7 Special Cup 3DS DK Jungle
60%
Mario Kart 8 / Mario Kart 8 Deluxe Banana Cup 3DS DK Jungle
60%
Mario Kart Wii Flower Cup Wii DK Summit
60%
Mario Kart 8 Deluxe Booster Course Pass Fruit Cup Wii DK Summit
60%
Mario Kart 8 / Mario Kart 8 Deluxe Star Cup Wii U Dolphin Shoals
60%
Mario Kart 8 DLC / Mario Kart 8 Deluxe Egg Cup Wii U Dragon Driftway
60%
Mario Kart 8 DLC / Mario Kart 8 Deluxe Egg Cup Wii U Excitebike Arena
60%
Super Mario Kart Mushroom Cup SNES Ghost Valley 1
60%
Mario Kart: Super Circuit Extra Mushroom Cup SNES Ghost Valley 1
60%
Super Mario Kart Flower Cup SNES Ghost Valley 2
60%
Mario Kart: Super Circuit Extra Flower Cup SNES Ghost Valley 2
60%
Mario Kart Wii Shell Cup SNES Ghost Valley 2
60%
Super Mario Kart Special Cup SNES Ghost Valley 3
60%
Mario Kart: Super Circuit Extra Special Cup SNES Ghost Valley 3
60%
Mario Kart 8 DLC / Mario Kart 8 Deluxe Triforce Cup Wii U Hyrule Circuit
60%
Mario Kart: Super Circuit Lightning Cup GBA Luigi Circuit
60%
Mario Kart: Double Dash!! Mushroom Cup GCN Luigi Circuit
60%
Mario Kart DS Shell Cup GCN Luigi Circuit
60%
Mario Kart DS Leaf Cup GBA Luigi Circuit
60%
Mario Kart Wii Mushroom Cup Wii Luigi Circuit
60%
Mario Kart 8 / Mario Kart 8 Deluxe Mushroom Cup Wii U Mario Kart Stadium
60%
Mario Kart 8 / Mario Kart 8 Deluxe Star Cup Wii U Mount Wario
60%
Mario Kart Wii Mushroom Cup Wii Mushroom Gorge
60%
Mario Kart 7 Shell Cup Wii Mushroom Gorge
60%
Mario Kart 8 Deluxe Booster Course Pass Propeller Cup Wii Mushroom Gorge
60%
Mario Kart 8 DLC / Mario Kart 8 Deluxe Egg Cup Wii U Mute City
60%
Mario Kart 8 Deluxe Booster Course Pass Turnip Cup Tour New York Minute
60%
Mario Kart: Double Dash!! Mushroom Cup GCN Peach Beach
60%
Mario Kart Wii Shell Cup GCN Peach Beach
60%
Mario Kart: Super Circuit Star Cup GBA Ribbon Road
60%
Mario Kart 8 DLC / Mario Kart 8 Deluxe Bell Cup GBA Ribbon Road
60%
Mario Kart 7 Flower Cup 3DS Rock Rock Mountain
60%
Mario Kart 8 Deluxe Booster Course Pass Rock Cup 3DS Rock Rock Mountain /Alpine Pass
60%
Mario Kart 7 Special Cup 3DS Rosalina's Ice World
60%
Mario Kart 8 Deluxe Booster Course Pass Spiny Cup 3DS Rosalina's Ice World
60%
Mario Kart 64 Star Cup N64 Royal Raceway
60%
Mario Kart 8 / Mario Kart 8 Deluxe Banana Cup N64 Royal Raceway
60%
Mario Kart: Super Circuit Lightning Cup GBA Sky Garden
60%
Mario Kart DS Lightning Cup GBA Sky Garden
60%
Mario Kart 8 Deluxe Booster Course Pass Lucky Cat Cup GBA Sky Garden
60%
Mario Kart 8 / Mario Kart 8 Deluxe Mushroom Cup Wii U Sweet Sweet Canyon
60%
Mario Kart 7 Mushroom Cup 3DS Toad Circuit
60%
Mario Kart 8 Deluxe Booster Course Pass Golden Dash Cup 3DS Toad Circuit
60%
Super Mario Kart Star Cup SNES Vanilla Lake 1
60%
Mario Kart: Super Circuit Extra Star Cup SNES Vanilla Lake 1
60%
Super Mario Kart Special Cup SNES Vanilla Lake 2
60%
Mario Kart: Super Circuit Extra Special Cup SNES Vanilla Lake 2
60%
Mario Kart DS Flower Cup DS Waluigi Pinball
60%
Mario Kart 7 Banana Cup DS Waluigi Pinball
60%
Mario Kart 8 Deluxe Booster Course Pass Turnip Cup DS Waluigi Pinball
60%
Mario Kart 8 / Mario Kart 8 Deluxe Mushroom Cup Wii U Water Park
60%
Mario Kart: Double Dash!! Star Cup GCN Yoshi Circuit
60%
Mario Kart DS Lightning Cup GCN Yoshi Circuit
60%
Mario Kart 8 DLC / Mario Kart 8 Deluxe Egg Cup GCN Yoshi Circuit
60%
Mario Kart DS Mushroom Cup DS Yoshi Falls
60%
Mario Kart Wii Shell Cup DS Yoshi Falls
60%
Mario Kart 8 Deluxe Booster Course Pass Fruit Cup Switch Yoshi's Island
60%
Mario Kart 8 Deluxe Booster Course Pass Boomerang Cup Tour Bangkok Rush
53%
Mario Kart 8 / Mario Kart 8 Deluxe Special Cup Wii U Bone-Dry Dunes
53%
Super Mario Kart Flower Cup SNES Choco Island 1
53%
Mario Kart: Super Circuit Extra Flower Cup SNES Choco Island 1
53%
Super Mario Kart Star Cup SNES Choco Island 2
53%
Mario Kart: Super Circuit Extra Lightning Cup SNES Choco Island 2
53%
Mario Kart DS Lightning Cup SNES Choco Island 2
53%
Mario Kart 8 / Mario Kart 8 Deluxe Special Cup Wii U Cloudtop Cruise
53%
Mario Kart: Double Dash!! Flower Cup GCN Daisy Cruiser
53%
Mario Kart 7 Leaf Cup GCN Daisy Cruiser
53%
Mario Kart 8 Deluxe Booster Course Pass Feather Cup GCN Daisy Cruiser
53%
Mario Kart: Double Dash!! Mushroom Cup GCN Dry Dry Desert
53%
Mario Kart 8 / Mario Kart 8 Deluxe Banana Cup GCN Dry Dry Desert
53%
Mario Kart 8 / Mario Kart 8 Deluxe Star Cup Wii U Electrodrome
53%
Mario Kart DS Mushroom Cup DS Figure-8 Circuit
53%
Mario Kart Wii Star Cup Wii Grumble Volcano
53%
Mario Kart 8 / Mario Kart 8 Deluxe Lightning Cup Wii Grumble Volcano
53%
Mario Kart 8 DLC / Mario Kart 8 Deluxe Triforce Cup Wii U Ice Ice Outpost
53%
Mario Kart Wii Star Cup Wii Koopa Cape
53%
Mario Kart 7 Lightning Cup Wii Koopa Cape
53%
Mario Kart 8 Deluxe Booster Course Pass Cherry Cup Wii Koopa Cape
53%
Mario Kart 64 Mushroom Cup N64 Koopa Troopa Beach
53%
Mario Kart 7 Banana Cup N64 Koopa Troopa Beach
53%
Mario Kart DS Mushroom Cup DS Luigi's Mansion
53%
Mario Kart 7 Shell Cup DS Luigi's Mansion
53%
Mario Kart Wii Star Cup Wii Maple Treeway
53%
Mario Kart 7 Leaf Cup Wii Maple Treeway
53%
Mario Kart 8 Deluxe Booster Course Pass Rock Cup Wii Maple Treeway
53%
Mario Kart 64 Flower Cup N64 Mario Raceway
53%
Mario Kart Wii Shell Cup N64 Mario Raceway
53%
Mario Kart 8 Deluxe Booster Course Pass Moon Cup Switch Merry Mountain
53%
Mario Kart Wii Special Cup Wii Moonview Highway
53%
Mario Kart 8 Deluxe Booster Course Pass Feather Cup Wii Moonview Highway
53%
Mario Kart 7 Flower Cup 3DS Music Park /Melody Motorway
53%
Mario Kart 8 / Mario Kart 8 Deluxe Leaf Cup 3DS Music Park /Melody Motorway
53%
Mario Kart 7 Star Cup 3DS Neo Bowser City /Koopa City
53%
Mario Kart 8 DLC / Mario Kart 8 Deluxe Bell Cup 3DS Neo Bowser City /Koopa City
53%
Mario Kart: Super Circuit Mushroom Cup GBA Peach Circuit
53%
Mario Kart DS Shell Cup GBA Peach Circuit
53%
Mario Kart DS Special Cup DS Peach Gardens
53%
Mario Kart Wii Lightning Cup DS Peach Gardens
53%
Mario Kart 8 Deluxe Booster Course Pass Moon Cup DS Peach Gardens
53%
Mario Kart 8 Deluxe Booster Course Pass Acorn Cup Switch Piranha Plant Cove
53%
Mario Kart 7 Star Cup 3DS Piranha Plant Slide /Piranha Plant Pipeway
53%
Mario Kart 8 / Mario Kart 8 Deluxe Lightning Cup 3DS Piranha Plant Slide /Piranha Plant Pipeway
53%
Mario Kart: Super Circuit Mushroom Cup GBA Riverside Park
53%
Mario Kart 8 Deluxe Booster Course Pass Fruit Cup GBA Riverside Park
53%
Mario Kart 8 Deluxe Booster Course Pass Acorn Cup Tour Rome Avanti
53%
Mario Kart 64 Star Cup N64 Sherbet Land
53%
Mario Kart: Double Dash!! Star Cup GCN Sherbet Land
53%
Mario Kart Wii Banana Cup N64 Sherbet Land
53%
Mario Kart 8 / Mario Kart 8 Deluxe Leaf Cup GCN Sherbet Land
53%
Mario Kart DS Flower Cup DS Shroom Ridge
53%
Mario Kart 8 Deluxe Booster Course Pass Lucky Cat Cup DS Shroom Ridge
53%
Mario Kart 7 Mushroom Cup 3DS Shy Guy Bazaar
53%
Mario Kart 8 Deluxe Booster Course Pass Boomerang Cup Tour Singapore Speedway
53%
Mario Kart 8 Deluxe Booster Course Pass Feather Cup Switch Squeaky Clean Sprint
53%
Mario Kart: Super Circuit Lightning Cup GBA Sunset Wilds
53%
Mario Kart 8 Deluxe Booster Course Pass Cherry Cup GBA Sunset Wilds
53%
Mario Kart 8 / Mario Kart 8 Deluxe Star Cup Wii U Sunshine Airport
53%
Mario Kart 8 DLC / Mario Kart 8 Deluxe Bell Cup Wii U Super Bell Subway
53%
Mario Kart DS Star Cup DS Tick-Tock Clock
53%
Mario Kart 8 / Mario Kart 8 Deluxe Lightning Cup DS Tick-Tock Clock
53%
Mario Kart 8 / Mario Kart 8 Deluxe Flower Cup Wii U Toad Harbor
53%
Mario Kart Wii Mushroom Cup Wii Toad's Factory
53%
Mario Kart 8 Deluxe Booster Course Pass Lucky Cat Cup Tour Tokyo Blur
53%
Mario Kart 8 / Mario Kart 8 Deluxe Flower Cup Wii U Twisted Mansion
53%
Mario Kart 8 Deluxe Booster Course Pass Cherry Cup Tour Vancouver Velocity
53%
Mario Kart: Double Dash!! Special Cup GCN Wario Colosseum
53%
Mario Kart Wii Flower Cup Wii Wario's Gold Mine
53%
Mario Kart 8 DLC / Mario Kart 8 Deluxe Triforce Cup Wii Wario's Gold Mine
53%
Mario Kart 8 DLC / Mario Kart 8 Deluxe Crossing Cup Wii U Wild Woods
53%
Mario Kart DS Star Cup DS Airship Fortress
47%
Mario Kart 7 Lightning Cup DS Airship Fortress
47%
Mario Kart 8 Deluxe Booster Course Pass Fruit Cup Tour Amsterdam Drift
47%
Mario Kart 64 Special Cup N64 Banshee Boardwalk
47%
Mario Kart DS Lightning Cup N64 Banshee Boardwalk
47%
Mario Kart 8 Deluxe Booster Course Pass Moon Cup Tour Berlin Byways
47%
Mario Kart DS Flower Cup DS Delfino Square
47%
Mario Kart Wii Banana Cup DS Delfino Square
47%
Mario Kart 64 Special Cup N64 D.K.'s Jungle Parkway
47%
Mario Kart Wii Leaf Cup N64 DK's Jungle Parkway
47%
Mario Kart Wii Special Cup Wii Dry Dry Ruins
47%
Mario Kart 8 Deluxe Booster Course Pass Rock Cup Tour London Loop
47%
Mario Kart 8 Deluxe Booster Course Pass Cherry Cup Tour Los Angeles Laps
47%
Mario Kart 64 Mushroom Cup N64 Luigi Raceway
47%
Mario Kart 7 Shell Cup N64 Luigi Raceway
47%
Mario Kart 8 Deluxe Booster Course Pass Spiny Cup Tour Madrid Drive
47%
Mario Kart 7 Star Cup 3DS Maka Wuhu /Wuhu Mountain Loop
47%
Mario Kart 64 Mushroom Cup N64 Moo Moo Farm
47%
Mario Kart DS Shell Cup N64 Moo Moo Farm
47%
Mario Kart 8 Deluxe Booster Course Pass Lucky Cat Cup Switch Ninja Hideaway
47%
Mario Kart: Super Circuit Mushroom Cup GBA Shy Guy Beach
47%
Mario Kart Wii Banana Cup GBA Shy Guy Beach
47%
Mario Kart 8 Deluxe Booster Course Pass Propeller Cup Switch Sky-High Sundae
47%
Mario Kart: Super Circuit Star Cup GBA Snow Land
47%
Mario Kart 8 Deluxe Booster Course Pass Propeller Cup GBA Snow Land
47%
Mario Kart 8 Deluxe Booster Course Pass Propeller Cup Tour Sydney Sprint
47%
Mario Kart 64 Flower Cup N64 Toad's Turnpike
47%
Mario Kart 8 / Mario Kart 8 Deluxe Shell Cup N64 Toad's Turnpike
47%
Mario Kart 7 Flower Cup 3DS Wuhu Loop / Wuhu Island Loop
47%
Mario Kart 64 Special Cup N64 Yoshi Valley
47%
Mario Kart 8 / Mario Kart 8 Deluxe Leaf Cup N64 Yoshi Valley
47%
Mario Kart: Super Circuit Lightning Cup GBA Cheep Cheep Island
40%
Mario Kart 7 Mushroom Cup 3DS Cheep Cheep Lagoon / Cheep Cheep Cape
40%
Mario Kart DS Flower Cup DS Desert Hills
40%
Mario Kart Wii Leaf Cup DS Desert Hills
40%
Mario Kart: Double Dash!! Special Cup GCN Dino Dino Jungle
40%
Mario Kart 7 Lightning Cup GCN Dino Dino Jungle
40%
Mario Kart DS Star Cup DS DK Pass
40%
Mario Kart 7 Leaf Cup DS DK Pass
40%
Mario Kart 64 Flower Cup N64 Frappe Snowland
40%
Mario Kart DS Banana Cup N64 Frappe Snowland
40%
Super Mario Kart Star Cup SNES Koopa Beach 1
40%
Mario Kart: Super Circuit Extra Lightning Cup SNES Koopa Beach 1
40%
Super Mario Kart Special Cup SNES Koopa Beach 2
40%
Mario Kart: Super Circuit Extra Special Cup SNES Koopa Beach 2
40%
Mario Kart DS Leaf Cup SNES Koopa Beach 2
40%
Mario Kart: Super Circuit Special Cup GBA Lakeside Park
40%
Mario Kart 7 Star Cup 3DS Wario Shipyard /Wario's Galleon
40%
Mario Kart: Super Circuit Special Cup GBA Broken Pier
33%
Mario Kart 7 Mushroom Cup 3DS Daisy Hills
33%
Mario Kart 64 Mushroom Cup N64 Kalimari Desert
33%
Mario Kart 7 Leaf Cup N64 Kalimari Desert
33%
Mario Kart 8 Deluxe Booster Course Pass Turnip Cup N64 Kalimari Desert
33%
Mario Kart: Double Dash!! Flower Cup GCN Mushroom Bridge
33%
Mario Kart DS Leaf Cup GCN Mushroom Bridge
33%
Mario Kart: Double Dash!! Star Cup GCN Mushroom City
33%
Mario Kart: Super Circuit Star Cup GBA Yoshi Desert
27%
No matching quizzes found
Score Distribution
Percent of People with Each Score
Percentile by Number Answered
Your Score History
You have not taken this quiz